Ejecución de la cuota alimentaria : Medios procesales eficaces para el cobro de los alimentos adeudados /
Guardado en:
| Autor Principal: | |
|---|---|
| Formato: | Libro |
| Idioma: | Spanish |
| Publicado: |
Buenos Aires :
García Alonso,
2010
|
| Edición: | 1º ed. |
| Materias: | |
| Etiquetas: |
Agregar Etiqueta
Sin Etiquetas, Sea el primero en etiquetar este registro!
|
| LEADER | 01358nam a22001935a 4500 | ||
|---|---|---|---|
| 001 | DER.der012305 | ||
| 008 | 180615s2010####ag#||||||||||||||#||spa|| | ||
| 005 | 20210910105858.0 | ||
| 245 | 1 | 0 | |a Ejecución de la cuota alimentaria : |b Medios procesales eficaces para el cobro de los alimentos adeudados / |c Claudio Alejandro Belluscio |
| 250 | |a 1º ed. | ||
| 260 | |a Buenos Aires : |b García Alonso, |c 2010 | ||
| 300 | |a 208 p. |e 1 Cd | ||
| 505 | 0 | |a Particularidades del proceso de ejecución de alimentos -- Competencia -- Intimidación de pago -- Liquidación de la deuda -- Excepciones oponibles -- Costas del proceso -- Ejecución del convenio homologado y no homologado -- Fuerza ejecutiva del acuerdo arribado en la etapa de mediación (conforme ley 26.589) -- Intereses: desde cuándo se computan y tipo de tasa aplicable -- Embargo ejecutorio -- Bienes embargables por alimentos adeudados -- Embargo preventivo por cuotas atrasadas y por cuotas futuras -- Retención de ingresos -- Interventor judicial recaudador -- Secuestro de bienes -- Inhibición -- Obligados subsidiarios -- Actuación profesional: Modelos prácticos | |
| 020 | |a 9789879488843 | ||
| 100 | 1 | |a Belluscio, Claudio Alejandro | |
| 650 | 7 | |a DERECHO DE FAMILIA |2 UNBIS | |
| 650 | 7 | |a ejecución de cuota alimentaria |2 SAIJ | |
| 653 | |a Prácticas | ||
| 859 | |a DERECHO |b BIB. DERECHO |h 347.05 |i BEL |k 1.36 |p 007095 |t 1 | ||
